Toutes les Techniques d'Aiden Froste/Fubuki Atsuya D'Inazuma Eleven - Statistiques

Statistiques générales
  • Ce quiz a été pris 31 fois
  • Le résultat moyen est 5 sur 8
Statistiques - réponses
Réponse Type de quiz Première Utilisation % Correct
Blizzard Éternel TIR S2
100%
Loup Légendaire TIR S2
87%
Blizzard de la Vouivre TIR S2
74%
Triple Blizzard TIR ARES
57%
Ours Enragé TIR ARES
48%
Front Froid TIR ARES
39%
Ours Entravé DEF ARES
39%
Gungnir de glace TIR ORION
30%
Aucun quiz correspondant
Distribution des résultats
% des personnes avec chaque résultat
Percentile par nombre de réponses
Votre historique - résultats
Vous n’avez pas pris ce quiz